Great escapes of World War II / (Record no. 2562)

MARC details
000 -LEADER
fixed length control field 00823cam a22002533a 4500
001 - CONTROL NUMBER
control field 2562
003 - CONTROL NUMBER IDENTIFIER
control field FISKH
005 - DATE AND TIME OF LATEST TRANSACTION
control field 20231215141716.0
008 - FIXED-LENGTH DATA ELEMENTS--GENERAL INFORMATION
fixed length control field 880912s1988 nyu j 000 0 eng d
010 ## - LIBRARY OF CONGRESS CONTROL NUMBER
LC control number 00514769
020 ## - INTERNATIONAL STANDARD BOOK NUMBER
International Standard Book Number 078073002757
035 ## - SYSTEM CONTROL NUMBER
System control number (OCoLC)ocm18472307
040 ## - CATALOGING SOURCE
Original cataloging agency EZH
Transcribing agency EZH
Modifying agency OHI
-- OCL
-- DLC
Language of cataloging eng
050 ## - LIBRARY OF CONGRESS CALL NUMBER
Classification number D805.A2
082 ## - DEWEY DECIMAL CLASSIFICATION NUMBER
Classification number 940.54720922
100 1# - MAIN ENTRY--PERSONAL NAME
Personal name Sullivan, George,
Dates associated with a name 1927-
245 10 - TITLE STATEMENT
Title Great escapes of World War II /
Statement of responsibility, etc. George Sullivan.
260 ## - PUBLICATION, DISTRIBUTION, ETC.
Place of publication, distribution, etc. New York :
Name of publisher, distributor, etc. Scholastic,
Date of publication, distribution, etc. 1988.
300 ## - PHYSICAL DESCRIPTION
Extent 132 pages :
Dimensions 18 cm
520 ## - SUMMARY, ETC.
Summary, etc. Contains the true stories of seven daring escapes by prisoners of war during World War II.
650 #0 - SUBJECT ADDED ENTRY--TOPICAL TERM
Topical term or geographic name entry element World War, 1939-1945
General subdivision Prisoners and prisons
Form subdivision Juvenile literature.
906 ## - LOCAL DATA ELEMENT F, LDF (RLIN)
a 7
b cbc
c copycat
d 2
e ncip
f 20
g y-genrareb
942 ## - ADDED ENTRY ELEMENTS (KOHA)
Source of classification or shelving scheme Dewey Decimal Classification
Koha item type Books
Suppress in OPAC No
Holdings
Withdrawn status Lost status Source of classification or shelving scheme Damaged status Not for loan Collection Home library Current library Shelving location Date acquired Total Checkouts Full call number Barcode Date last seen Date last checked out Price effective from Koha item type
    Dewey Decimal Classification     Non-Fiction Footprints International School Library Network Toul Kork Campus Footprints International School Library Network Toul Kork Campus   12/15/2023 2 SUL 940.54720922 D805.A2 FISSE00565 11/12/2025 09/11/2025 12/15/2023 Books